Quiz o państwach #1 - Statystyki

Ogólne statystyki
  • Ten quiz został rozwiązany 40 razy
  • Średni wynik to 10 z 15
Statystyki odpowiedzi
Pytanie Odpowiedź % Poprawnych
Największe państwo Azji (bez Rosji) Chiny
97%
Najmniejsze państwo świata Watykan
97%
Najludniejsze państwo świata Indie
94%
Największe państwo Europy Rosja
91%
Największe państwo Ameryki południowej Brazylia
88%
Największe państwo Ameryki północnej Kanada
85%
Największe państwo Australii Australia
76%
Stolica Argentyny Buenos Aires
73%
Największe państwo Afryki Algieria
67%
Stolica Tajlandii Bangkok
64%
Najmłodsze państwo świata Sudan Południowy
61%
Najwięcej osób na km² Monako
45%
Najwyższy średni wzrost Holandia
30%
Najmniejsze państwo bez sąsiadów Nauru
30%
Najniższy średni wzrost Timor wschodni
15%
Nie znaleziono quizów pasujących do podanych kryteriów
Rozkład punktacji
Procent ludzi z każdym wynikiem
Percentyl według liczby udzielonych odpowiedzi
Twoja historia wyników
Nie rozwiązałeś tego quizu